| 000 | 00345nam a22001217a 4500 | ||
|---|---|---|---|
| 003 | OSt | ||
| 005 | 20251030061253.0 | ||
| 008 | 251030b |||||||| |||| 00| 0 eng d | ||
| 040 | _cHAPPY BROTHERS PUBLISHERS | ||
| 245 |
_aTHE STORY OF RELIGION IN AMERICA _cSWEET WILLIAM WARREN |
||
| 260 |
_aUSA _bHARPER BROTHERS PUBLISHERS _c1930 |
||
| 942 |
_2lcc _cBK _n0 |
||
| 999 |
_c9735 _d9735 |
||